[Event "Catalonia-D.D. - Oranjeteam 2"]
[Site "?"]
[Date "2008.02.11"]
[Round "1.3"]
[White "Anguera Maestro, J."]
[Black "Vink, W."]
[Result "1-0"]
[WhiteElo "2223"]
[BlackElo "2058"]
[PlyCount "79"]
[EventDate "2008.??.??"]

1. d4 d5 2. c4 c6 3. Nf3 Nf6 4. e3 Bf5 5. Nc3 e6 6. Qb3 Qb6 7. c5 Qc7 8. Qa4
Nbd7 9. b4 Be7 10. Be2 O-O 11. Bb2 Ne4 12. Qb3 h6 13. O-O a6 14. Nxe4 Bxe4 15.
Nd2 Bg6 16. Bd3 Bxd3 17. Qxd3 f5 18. f3 Bg5 19. a4 Rae8 20. f4 Bf6 21. Bc3 Ra8
22. Nb3 g5 23. g3 Rfb8 24. Rfb1 Bd8 25. b5 axb5 26. axb5 Rxa1 27. Rxa1 gxf4 28.
exf4 Nf6 29. Ra7 Qc8 30. b6 Ne4 31. Be1 Bf6 32. Qd1 Qe8 33. Kg2 Kh7 34. Na5 Qd7
35. Qa4 Kg6 36. Nxb7 Bxd4 37. Nd6 Nxc5 38. Qxd4 Qxd6 39. Rg7+ Kh5 40. Qd1# 1-0

[Event "Catalonia-D.D. - Oranjeteam 2"]
[Site "?"]
[Date "2008.02.11"]
[Round "1.4"]
[White "Montsma, F."]
[Black "Buxade Roca, G."]
[Result "1/2-1/2"]
[WhiteElo "1959"]
[BlackElo "2199"]
[PlyCount "67"]
[EventDate "2008.??.??"]

1. Nc3 c5 2. e4 Nc6 3. g3 g6 4. Bg2 Bg7 5. d3 d6 6. Be3 Rb8 7. f4 e6 8. Nge2
Nd4 9. Qd2 Ne7 10. O-O b5 11. a3 O-O 12. Nd1 a5 13. Nc1 b4 14. axb4 axb4 15. c3
bxc3 16. bxc3 Nb5 17. Ne2 Qc7 18. Bf2 Bb7 19. Ne3 Ra8 20. Qb2 Bc6 21. Rxa8 Rxa8
22. Ra1 Rxa1+ 23. Qxa1 Qb7 24. Qa5 Qc7 25. Qxc7 Nxc7 26. Nc4 Bb5 27. Nxd6 Bxd3
28. Nc1 c4 29. Bf1 Bxf1 30. Kxf1 Bxc3 31. Nxc4 Nc6 32. Nb3 Nb5 33. Ke2 Nb4 34.
Be1 1/2-1/2

[Event "Hamburger SK von 1830-Leipzig"]
[Site "?"]
[Date "2008.02.11"]
[Round "1.1"]
[White "Nugel, K."]
[Black "Böhnisch, M."]
[Result "0-1"]
[WhiteElo "2155"]
[BlackElo "2369"]
[PlyCount "100"]
[EventDate "2008.??.??"]

1. d4 d5 2. c4 c6 3. Nf3 Nf6 4. Nc3 dxc4 5. a4 Bf5 6. Ne5 Na6 7. f3 Nd7 8. Nxd7
Qxd7 9. e4 Bg6 10. Bxc4 Nb4 11. a5 Qxd4 12. Qxd4 Nc2+ 13. Kf2 Nxd4 14. Rd1 e5
15. Ne2 Nc2 16. Ra4 Bc5+ 17. Kg3 a6 18. b4 Ba7 19. Ra2 Ne3 20. Bxe3 Bxe3 21.
Rd3 Bg5 22. Nc3 Be7 23. Rb2 Rd8 24. Rxd8+ Kxd8 25. Na4 Kc7 26. Nc5 Rd8 27. Kf2
Rd4 28. Rc2 Bxc5 29. bxc5 f5 30. exf5 Bxf5 31. Rc3 Rd2+ 32. Be2 Ra2 33. Re3 Kd7
34. Rxe5 Bd3 35. f4 Bxe2 36. Rxe2 Rxa5 37. Re5 Rb5 38. g4 a5 39. Ke3 a4 40. Re4
Ra5 41. Kd4 a3 42. Re1 Ra4+ 43. Ke3 a2 44. Ra1 Ke6 45. h4 Kd5 46. Rd1+ Kxc5 47.
Ra1 Kd5 48. Rd1+ Ke6 49. Ra1 c5 50. Kf3 b5 0-1

[Event "Hamburger SK von 1830-Leipzig"]
[Site "?"]
[Date "2008.02.11"]
[Round "1.3"]
[White "Schirmer, W."]
[Black "Böhlig, H."]
[Result "0-1"]
[WhiteElo "2012"]
[BlackElo "2256"]
[PlyCount "84"]
[EventDate "2008.??.??"]

1. e4 c5 2. Nf3 e6 3. d4 cxd4 4. Nxd4 a6 5. c4 Nf6 6. Nc3 Qc7 7. Be2 Bb4 8. Qd3
Nc6 9. Nxc6 dxc6 10. O-O O-O 11. Bg5 Bxc3 12. bxc3 Qe5 13. Bxf6 Qxf6 14. Rfd1
e5 15. Rab1 b5 16. Qd6 Be6 17. Qxc6 bxc4 18. Rb6 a5 19. Qb5 Rfd8 20. Rbd6 Rxd6
21. Rxd6 Qf4 22. Qxa5 Rf8 23. Rd8 Qc1+ 24. Bd1 g6 25. Rd6 Qf4 26. f3 Rb8 27.
Kf1 Qxh2 28. Rd8+ Rxd8 29. Qxd8+ Kg7 30. a4 h5 31. Qb6 h4 32. Qf2 Qf4 33. a5
Qc1 34. Qc2 Qa1 35. Qa4 Qxc3 36. a6 h3 37. gxh3 Bxh3+ 38. Kf2 Qd4+ 39. Ke1 Bd7
40. Qb4 Qe3+ 41. Be2 c3 42. a7 c2 0-1

[Event "Hamburger SK von 1830-Leipzig"]
[Site "?"]
[Date "2008.02.11"]
[Round "1.4"]
[White "Starke, B."]
[Black "Langmann, C."]
[Result "1-0"]
[WhiteElo "2140"]
[BlackElo "1930"]
[PlyCount "95"]
[EventDate "2008.??.??"]

1. d4 d5 2. Nf3 Nf6 3. g3 Bg4 4. Bg2 c6 5. O-O e6 6. b3 Bd6 7. c4 Nbd7 8. Ba3
Qe7 9. Bxd6 Qxd6 10. Nbd2 O-O 11. Qc2 Bf5 12. Qb2 h6 13. Ne5 Ng4 14. Nxg4 Bxg4
15. e4 Rac8 16. Rfe1 Bh5 17. c5 Qe7 18. Re3 Bg6 19. e5 f6 20. exf6 Rxf6 21. f4
Re8 22. Rae1 Bf5 23. b4 b5 24. a4 bxa4 25. Ra1 Rb8 26. Qc3 Rb7 27. Rxa4 Rf8 28.
Bf1 Ra8 29. Ra5 Rab8 30. Ra4 Ra8 31. Ba6 Rbb8 32. Be2 Rb7 33. Nb3 Nf6 34. Bf3
h5 35. Nd2 h4 36. Bd1 hxg3 37. hxg3 Kf7 38. Nf3 Ng4 39. Ng5+ Kf6 40. Bxg4 Bxg4
41. Qe1 Qd7 42. Rea3 Bf5 43. g4 Bc2 44. Qe5+ Kg6 45. Nxe6 Re8 46. f5+ Kh7 47.
Rh3+ Kg8 48. Ra2 1-0

[Event "Dänemark-Mecklenburg-Vorpommern"]
[Site "?"]
[Date "2008.02.11"]
[Round "1.1"]
[White "Sloth, J."]
[Black "Wiemer, J."]
[Result "1/2-1/2"]
[WhiteElo "2352"]
[BlackElo "2091"]
[PlyCount "164"]
[EventDate "2008.??.??"]

1. c4 c5 2. g3 Nf6 3. Bg2 e6 4. Nf3 Nc6 5. O-O Be7 6. d4 cxd4 7. Nxd4 O-O 8.
Nc3 a6 9. Bf4 Nxd4 10. Qxd4 d6 11. Qd2 Qc7 12. Rac1 Nh5 13. Be3 Bd7 14. Rfd1
Nf6 15. Bf4 e5 16. Bg5 Bc6 17. Bxf6 gxf6 18. Ne4 Bxe4 19. Bxe4 Kg7 20. Qd3 Rh8
21. Qf3 Rab8 22. c5 dxc5 23. Qg4+ Kf8 24. Rd7 Qb6 25. Rcd1 h5 26. Qf5 h4 27.
Rxb7 Rxb7 28. Qc8+ Kg7 29. Qxb7 Qxb7 30. Bxb7 hxg3 31. fxg3 Rb8 32. Rd7 Kf8 33.
b3 a5 34. g4 Ke8 35. Bc6 Kf8 36. Kg2 Rb4 37. h3 c4 38. bxc4 Rxc4 39. Bb5 Re4
40. Ra7 Bb4 41. Bd3 Rd4 42. Rc7 Be7 43. Kf3 a4 44. Be4 Rd1 45. Ke3 a3 46. h4 f5
47. gxf5 Bxh4 48. Bd3 Be7 49. Ke4 f6 50. Rc8+ Kg7 51. e3 Rd2 52. Bc4 Rd8 53.
Rc7 Kf8 54. Bd5 Rb8 55. Bc6 Rd8 56. Bd7 Ra8 57. Rb7 Ra6 58. Rb8+ Kg7 59. Be6
Bf8 60. Rb7+ Kh6 61. Rf7 Bg7 62. Kd5 Ra8 63. Kc6 Ra4 64. Bd5 Ra6+ 65. Kc5 Ra4
66. e4 Rd4 67. Kd6 Ra4 68. Bc6 Ra6 69. Kd5 Rb6 70. Kd6 Rb2 71. Bd5 Rb8 72. Ke7
Rb6 73. Be6 Rb7+ 74. Bd7 Ra7 75. Kd6 Rb7 76. Ke7 Ra7 77. Kd6 Ra6+ 78. Kc5 Ra8
79. Bc6 Rf8 80. Ra7 Rc8 81. Kd5 Bf8 82. Ra8 Rxa8 1/2-1/2

[Event "Dänemark-Mecklenburg-Vorpommern"]
[Site "?"]
[Date "2008.02.11"]
[Round "1.2"]
[White "Potthammel, J."]
[Black "Jorgensen, J."]
[Result "0-1"]
[WhiteElo "2075"]
[BlackElo "2262"]
[PlyCount "60"]
[EventDate "2008.??.??"]

1. e4 Nf6 2. e5 Nd5 3. d4 d6 4. c4 Nb6 5. f4 Bf5 6. Nf3 dxe5 7. fxe5 e6 8. Nc3
Be7 9. Be2 O-O 10. O-O f6 11. Be3 Nc6 12. a3 fxe5 13. Nxe5 Nxe5 14. dxe5 Nd7
15. g4 Bg6 16. Rxf8+ Bxf8 17. Bf4 c6 18. Kg2 a5 19. Qd2 Qc7 20. Rd1 Nc5 21. Qd4
Be7 22. Qe3 Rf8 23. b4 axb4 24. axb4 Na6 25. b5 Nc5 26. Bg3 Ra8 27. h4 Ra3 28.
Qd4 h6 29. Bf3 Ra8 30. Ne4 Bxe4 0-1

[Event "Dänemark-Mecklenburg-Vorpommern"]
[Site "?"]
[Date "2008.02.11"]
[Round "1.3"]
[White "Sorensen, B."]
[Black "Kühn, P."]
[Result "1-0"]
[WhiteElo "2228"]
[BlackElo "2038"]
[PlyCount "71"]
[EventDate "2008.??.??"]

1. Nf3 c5 2. g3 Nc6 3. Bg2 g6 4. d4 cxd4 5. Nxd4 Bg7 6. c3 Nf6 7. e4 O-O 8. O-O
Qc7 9. b3 d6 10. Bb2 Bd7 11. Na3 a6 12. Nac2 Rad8 13. Ne3 e6 14. Qd2 Bc8 15. c4
Nxd4 16. Bxd4 Ne8 17. Rad1 Bxd4 18. Qxd4 e5 19. Qc3 f6 20. Nd5 Qf7 21. f4 Qg7
22. c5 Bg4 23. Rd2 Rc8 24. b4 dxc5 25. bxc5 Nd6 26. Qb3 Nf7 27. fxe5 Rxc5 28.
Nxf6+ Kh8 29. Nxg4 Nxe5 30. Nxe5 Rxf1+ 31. Bxf1 Qxe5 32. Rd8+ Kg7 33. Rd7+ Kh6
34. Qe3+ g5 35. Qf3 Rc8 36. Be2 1-0

[Event "Dänemark-Mecklenburg-Vorpommern"]
[Site "?"]
[Date "2008.02.11"]
[Round "1.4"]
[White "Krüger, G."]
[Black "Grabov, S."]
[Result "1/2-1/2"]
[WhiteElo "1978"]
[BlackElo "2214"]
[PlyCount "87"]
[EventDate "2008.??.??"]

1. e4 e6 2. d4 d5 3. exd5 exd5 4. Bd3 Nf6 5. Ne2 Bd6 6. Bf4 O-O 7. O-O Bg4 8.
f3 Bh5 9. Nbc3 Bg6 10. Qd2 c6 11. Nd1 Qc7 12. Nf2 Nbd7 13. Bxd6 Qxd6 14. Ng3
Rfe8 15. Nf5 Bxf5 16. Bxf5 Re7 17. Rfe1 Rae8 18. Rxe7 Qxe7 19. Kf1 g6 20. Bh3
Kg7 21. Nd3 Qd6 22. g3 b6 23. Qf4 Qxf4 24. Nxf4 Kf8 25. Re1 Rxe1+ 26. Kxe1 Ke7
27. Kd2 Kd6 28. Nd3 c5 29. dxc5+ bxc5 30. c3 Ne5 31. Nxe5 Kxe5 32. Kd3 Ng8 33.
b4 Kd6 34. a3 Ne7 35. Bg2 Nc6 36. f4 f6 37. h4 h6 38. Bh3 g5 39. hxg5 hxg5 40.
Bg2 Ne7 41. Bh3 gxf4 42. gxf4 Nc6 43. Bg2 Nd8 44. Bh3 1/2-1/2

[Event "DB / BSW Berlin-Wroclaw"]
[Site "?"]
[Date "2008.02.11"]
[Round "1.1"]
[White "Welz, P."]
[Black "Schmidt, W."]
[Result "1/2-1/2"]
[WhiteElo "2138"]
[BlackElo "2404"]
[PlyCount "28"]
[EventDate "2008.??.??"]

1. e4 e6 2. d4 d5 3. e5 c5 4. c3 Qb6 5. Nf3 Nc6 6. a3 Nh6 7. b4 cxd4 8. cxd4
Nf5 9. Be3 f6 10. exf6 gxf6 11. Bd3 Nxe3 12. fxe3 Bd7 13. O-O Bh6 14. Qe2 Rc8
1/2-1/2

[Event "DB / BSW Berlin-Wroclaw"]
[Site "?"]
[Date "2008.02.11"]
[Round "1.3"]
[White "Wuttke, E."]
[Black "Cylwik, Z."]
[Result "0-1"]
[WhiteElo "1821"]
[BlackElo "2073"]
[PlyCount "120"]
[EventDate "2008.??.??"]

1. e4 c5 2. d3 Nc6 3. Be2 d6 4. c3 Nf6 5. Na3 e6 6. Nc2 Be7 7. Be3 d5 8. f3 O-O
9. Bf2 e5 10. g4 Be6 11. Ne3 d4 12. Nf5 dxc3 13. Nxe7+ Qxe7 14. bxc3 Rfd8 15.
Qc1 Ne8 16. h4 Rac8 17. h5 h6 18. Qa3 b6 19. Nh3 f6 20. O-O Qf7 21. Be3 c4 22.
Nf2 cxd3 23. Bxd3 Bc4 24. Rfd1 Na5 25. Qc1 Bxa2 26. Ba6 Rb8 27. Qb2 Bc4 28. Bb5
Nd6 29. Ba4 Be6 30. Qe2 Ndc4 31. Bc1 Qc7 32. Kg2 Nd6 33. Bb2 Nf7 34. Rac1 Bc4
35. Qe1 Bb3 36. Rxd8+ Rxd8 37. Bb5 Bc4 38. Ba4 Nb7 39. Rd1 Nc5 40. Bc2 Ng5 41.
Bc1 Nge6 42. Be3 a5 43. Rd2 a4 44. Qc1 Rxd2 45. Bxd2 Nb3 46. Bxb3 Bxb3 47. Nd3
Qc4 48. Nb4 Qe2+ 49. Kg3 Bd1 50. Be3 Qxf3+ 51. Kh2 Qxg4 52. Nd5 Qxh5+ 53. Kg1
Qg4+ 54. Kf2 Qe2+ 55. Kg3 Qg4+ 56. Kf2 Bf3 57. Qf1 Bxe4 58. c4 Qf3+ 59. Ke1
Qxf1+ 60. Kxf1 Bd3+ 0-1

[Event "DB / BSW Berlin-Wroclaw"]
[Site "?"]
[Date "2008.02.11"]
[Round "1.4"]
[White "Bakalarczyk, W."]
[Black "Pitt, W."]
[Result "1-0"]
[WhiteElo "1996"]
[BlackElo "2050"]
[PlyCount "98"]
[EventDate "2008.??.??"]

1. d4 g6 2. c4 Bg7 3. Nc3 d6 4. e4 Nc6 5. Be3 e5 6. Nge2 exd4 7. Nxd4 Nf6 8.
Be2 O-O 9. O-O Re8 10. f3 Nd7 11. Re1 Nb6 12. Rc1 Be5 13. Nxc6 bxc6 14. f4 Bxc3
15. Rxc3 c5 16. e5 Be6 17. b3 Qe7 18. Bf3 Rad8 19. Rd3 dxe5 20. fxe5 Rxd3 21.
Qxd3 Bf5 22. Qd2 Qd7 23. Qc3 Qe7 24. Bf2 h5 25. Qa5 Nd7 26. Bc6 Rd8 27. Qxc7
Re8 28. Bxd7 Qxd7 29. Qxd7 Bxd7 30. Bxc5 f6 31. Bd4 Kf7 32. Kf2 fxe5 33. Bxe5
Bc6 34. b4 a6 35. h4 Rd8 36. g3 Rd3 37. Re3 Rd2+ 38. Re2 Rd1 39. Rb2 Rh1 40.
Ke3 Ke6 41. Bf4 Re1+ 42. Kd4 Bb7 43. Kc5 Be4 44. b5 axb5 45. cxb5 Kd7 46. b6
Kc8 47. a4 Bf5 48. a5 Rb1 49. Rxb1 Bxb1 1-0

[Event "Baden-Freibauer Niedersachsen"]
[Site "?"]
[Date "2008.02.11"]
[Round "1.1"]
[White "Villing, D."]
[Black "Niebuhr, G."]
[Result "1-0"]
[WhiteElo "2209"]
[BlackElo "2075"]
[PlyCount "81"]
[EventDate "2008.??.??"]

1. e4 e5 2. Bc4 Nf6 3. d4 exd4 4. Nf3 Nc6 5. e5 d5 6. Bb5 Ne4 7. Nxd4 Bd7 8.
Bxc6 bxc6 9. O-O Bc5 10. Be3 Qe7 11. f3 Ng5 12. Qd2 Ne6 13. c3 O-O 14. b4 Bxd4
15. cxd4 Rfb8 16. a3 a5 17. bxa5 Rb5 18. Nc3 Rbxa5 19. a4 Qb4 20. Rab1 Qc4 21.
Rfc1 c5 22. dxc5 Bc6 23. Ne2 Qxa4 24. Nd4 Nxd4 25. Bxd4 Rb5 26. e6 f6 27. Ra1
Qb4 28. Rxa8+ Bxa8 29. Qe3 Bc6 30. e7 Rb8 31. Qe6+ Kh8 32. Bxf6 Be8 33. Qe5 Qd2
34. Bxg7+ Kg8 35. Ra1 Qd3 36. Bf6 Rb1+ 37. Rxb1 Qxb1+ 38. Kf2 Qc2+ 39. Kg3 Qg6+
40. Kf4 Kf7 41. Bg5 1-0

[Event "Baden-Freibauer Niedersachsen"]
[Site "?"]
[Date "2008.02.11"]
[Round "1.2"]
[White "Jürgens, P."]
[Black "Biebinger, G."]
[Result "0-1"]
[WhiteElo "2066"]
[BlackElo "2324"]
[PlyCount "61"]
[EventDate "2008.??.??"]

1. d4 Nf6 2. Bf4 c5 3. e3 b6 4. Nd2 cxd4 5. exd4 Bb7 6. Ngf3 e6 7. Bd3 Be7 8.
h3 O-O 9. O-O d6 10. Re1 Nbd7 11. Bh2 Re8 12. a3 a6 13. a4 Nf8 14. Qe2 Ng6 15.
c4 d5 16. Be5 Bb4 17. Red1 Bxd2 18. Rxd2 dxc4 19. Bxc4 Nd5 20. Qd1 Ndf4 21. Bf1
Nxh3+ 22. Kh2 Ng5 23. Nxg5 Qxg5 24. Bg3 Rac8 25. Rc2 h5 26. Qd2 Qd5 27. Rac1
Rxc2 28. Rxc2 h4 29. Bf4 h3 30. f3 hxg2 31. Bxg2 0-1

[Event "Baden-Freibauer Niedersachsen"]
[Site "?"]
[Date "2008.02.11"]
[Round "1.3"]
[White "Szenetra, W."]
[Black "Hellwege, W."]
[Result "1-0"]
[WhiteElo "2291"]
[BlackElo "2054"]
[PlyCount "115"]
[EventDate "2008.??.??"]

1. Nf3 c5 2. g3 b5 3. Bg2 Bb7 4. d3 d6 5. O-O Nd7 6. e4 Ngf6 7. Qe2 e5 8. Nh4
g6 9. f4 Bg7 10. a4 b4 11. Nd2 O-O 12. Nhf3 Qc7 13. Nc4 Rae8 14. fxe5 Nxe5 15.
Nfxe5 dxe5 16. Bg5 Nd7 17. Bh3 Nb6 18. Nd2 Qd6 19. a5 Bc8 20. Bg2 Na8 21. Nc4
Qe6 22. Be3 Qc6 23. Qf2 f6 24. Bxc5 Rf7 25. Bxb4 Be6 26. Nd6 Rb8 27. Nxf7 Rxb4
28. Nd8 Qd7 29. Nxe6 Qxe6 30. c3 Rb7 31. b4 a6 32. Qa2 Qxa2 33. Rxa2 Nc7 34.
Bh3 Kf7 35. Bd7 Rb8 36. Ba4 Rd8 37. Rd1 Ke7 38. c4 Ne6 39. b5 axb5 40. Bxb5 Kd6
41. a6 Kc5 42. a7 Ra8 43. Bd7 Nc7 44. Rb1 Kd6 45. Bc8 Rxc8 46. Rb8 Kd7 47. Rxc8
Kxc8 48. a8=Q+ Nxa8 49. Rxa8+ Kb7 50. Rg8 Bh6 51. Kf2 Kc6 52. Rh8 Kc5 53. Rxh7
Bc1 54. Rg7 f5 55. Rxg6 fxe4 56. dxe4 Kd4 57. Kf3 Kxc4 58. Rc6+ 1-0

[Event "Baden-Freibauer Niedersachsen"]
[Site "?"]
[Date "2008.02.11"]
[Round "1.4"]
[White "Fritsch, J."]
[Black "Müller, R."]
[Result "1/2-1/2"]
[WhiteElo "1980"]
[BlackElo "2210"]
[PlyCount "104"]
[EventDate "2008.??.??"]

1. e4 e5 2. Nf3 Nc6 3. Bb5 a6 4. Bxc6 dxc6 5. O-O Qd6 6. Na3 b5 7. d3 Bg4 8.
Be3 Qf6 9. Nb1 Bd6 10. Nbd2 h6 11. c4 Bb4 12. Qc2 Ne7 13. a3 Bxd2 14. Nxd2 g5
15. f3 Bh5 16. Nb3 O-O 17. d4 Rfd8 18. Rad1 bxc4 19. Qxc4 Rab8 20. dxe5 Qxe5
21. Bd4 Qb5 22. Qxb5 Rxb5 23. Nc1 f5 24. Bc3 Rxd1 25. Rxd1 fxe4 26. Rd8+ Kf7
27. fxe4 Bg6 28. a4 Rc5 29. Nd3 Rxc3 30. bxc3 Bxe4 31. Nc5 Bf5 32. Nxa6 Nd5 33.
Rxd5 cxd5 34. Nxc7 Ke7 35. Nxd5+ Kd6 36. Ne3 Bd7 37. Kf2 Kc5 38. g4 Bxa4 39.
Nf5 Bd7 40. Nxh6 Kc4 41. Ke3 Kxc3 42. Ke4 Kd2 43. Ke5 Ke3 44. h3 Bc6 45. Nf7
Kf3 46. Nxg5+ Kg3 47. Nf7 Bf3 48. g5 Bh5 49. Kf6 Kxh3 50. Nh6 Kh4 51. Nf5+ Kg4
52. Ne7 Kh4 1/2-1/2

[Event "Rheno Palatinat-St. Petersburg"]
[Site "?"]
[Date "2008.02.11"]
[Round "1.1"]
[White "Denda, R."]
[Black "Turikov, V."]
[Result "0-1"]
[WhiteElo "2059"]
[BlackElo "2334"]
[PlyCount "84"]
[EventDate "2008.??.??"]

1. e4 b6 2. d4 Bb7 3. Bd3 Nf6 4. Qe2 e6 5. Nf3 d6 6. O-O Be7 7. Nbd2 Nc6 8. c3
e5 9. d5 Nb8 10. Nb3 O-O 11. Be3 Nfd7 12. Nfd2 c6 13. c4 Nc5 14. Nxc5 bxc5 15.
f4 Nd7 16. f5 Bg5 17. Nf3 Bxe3+ 18. Qxe3 Nf6 19. b3 a5 20. Rab1 cxd5 21. cxd5
Ba6 22. Bxa6 Rxa6 23. Nd2 a4 24. b4 cxb4 25. Rxb4 Qc7 26. Rc4 Qa5 27. Rb1 h6
28. Qc3 Qd8 29. Rb7 Nd7 30. Rc6 Nc5 31. Rxa6 Nxa6 32. Qc4 Nc5 33. Rb5 Qg5 34.
Qe2 Rc8 35. g3 Nd7 36. Rb2 a3 37. Rb7 Rc2 38. Rxd7 Rxd2 39. Qe1 Rxa2 40. Rxd6
Qh5 41. h4 Qf3 42. Rd8+ Kh7 0-1

[Event "Rheno Palatinat-St. Petersburg"]
[Site "?"]
[Date "2008.02.11"]
[Round "1.2"]
[White "Loktiev, I."]
[Black "Schwertel, J."]
[Result "1-0"]
[WhiteElo "2327"]
[BlackElo "1987"]
[PlyCount "113"]
[EventDate "2008.??.??"]

1. d4 d5 2. Nf3 Nf6 3. c4 e6 4. g3 c6 5. Bg2 Nbd7 6. Qc2 Bb4+ 7. Bd2 Bxd2+ 8.
Nbxd2 O-O 9. O-O b6 10. Rad1 Bb7 11. e4 dxe4 12. Nxe4 Nxe4 13. Qxe4 Qc7 14. Ng5
Nf6 15. Qe5 Rac8 16. Rd2 h6 17. Ne4 Nxe4 18. Bxe4 Rfd8 19. Rfd1 Re8 20. c5 Re7
21. h4 Rd8 22. Bg2 Rd5 23. Qe4 g6 24. Qe3 Kg7 25. f4 bxc5 26. dxc5 Rdd7 27.
Qc3+ f6 28. Kf2 Kf7 29. b4 Ba6 30. Ke3 h5 31. Qc2 f5 32. Rxd7 Rxd7 33. Rxd7+
Qxd7 34. Bf3 Qb7 35. Qa4 Bb5 36. Qb3 Qa6 37. a3 Bc4 38. Qc3 Bb5 39. Bd1 Bc4 40.
a4 Bd5 41. Qd3 Qc8 42. Be2 Qc7 43. Qd4 Qd8 44. Qc3 Qc7 45. Qh8 Qe7 46. Qh7+ Kf6
47. Qh8+ Kf7 48. Qc3 Qc7 49. b5 Qb8 50. Qd4 Qc8 51. b6 axb6 52. cxb6 c5 53. Qe5
Bb7 54. Bc4 Qc6 55. Qc7+ Qxc7 56. bxc7 Ke7 57. a5 1-0

[Event "Rheno Palatinat-St. Petersburg"]
[Site "?"]
[Date "2008.02.11"]
[Round "1.3"]
[White "Degenhardt, N."]
[Black "Grinberg, I."]
[Result "1-0"]
[WhiteElo "2074"]
[BlackElo "2268"]
[PlyCount "63"]
[EventDate "2008.??.??"]

1. e4 Nc6 2. d4 e5 3. dxe5 Nxe5 4. Nf3 Nxf3+ 5. Qxf3 Qf6 6. Nd2 Bc5 7. Bd3 d6
8. O-O Qxf3 9. Nxf3 Bg4 10. Nd2 Ne7 11. Nb3 Bb6 12. Bd2 Nc6 13. Rae1 Be6 14.
Nc1 Ne5 15. h3 Nxd3 16. Nxd3 c6 17. Nf4 Bd7 18. Be3 Bc7 19. Rd1 O-O-O 20. f3 f5
21. exf5 Bxf5 22. c4 g5 23. Nh5 Rhg8 24. Ng3 Be6 25. Rfe1 Rg6 26. Bxg5 Rdg8 27.
Bf4 h5 28. Re2 h4 29. Ne4 d5 30. Ng5 Bb6+ 31. Kh1 Bd7 32. Nf7 {
nicht rekonstruierbar} 1-0

[Event "Rheno Palatinat-St. Petersburg"]
[Site "?"]
[Date "2008.02.11"]
[Round "1.4"]
[White "Bagrunov, V."]
[Black "Jäger, E."]
[Result "1-0"]
[WhiteElo "2074"]
[BlackElo "2038"]
[PlyCount "83"]
[EventDate "2008.??.??"]

1. d4 f5 2. e4 fxe4 3. Nc3 Nf6 4. f3 exf3 5. Nxf3 g6 6. Bg5 Bg7 7. Bc4 c6 8.
Qd2 d5 9. Bd3 O-O 10. h3 Be6 11. O-O-O Nbd7 12. Rde1 Bf7 13. Qe3 Re8 14. Ne5
Nf8 15. Rhf1 Rc8 16. g4 a6 17. Kb1 c5 18. Qf3 c4 19. Nxf7 Kxf7 20. Be2 Kg8 21.
Bxf6 exf6 22. Nxd5 c3 23. bxc3 Re6 24. Ka1 Rd6 25. Nf4 Qa5 26. Bd1 Qa3 27. Qxb7
Qxc3+ 28. Qb2 Qa5 29. Re3 Qd2 30. Rd3 Qa5 31. c3 Rb6 32. Bb3+ Kh8 33. Nd5 Rd6
34. Ne3 Rdc6 35. Nd1 f5 36. gxf5 gxf5 37. Rdf3 Bxd4 38. Rxf5 Rxc3 39. Nxc3 Qxc3
40. Rxf8+ Rxf8 41. Rxf8+ Kg7 42. Rf7+ 1-0

[Event "Hessen-USV Halle"]
[Site "?"]
[Date "2008.02.11"]
[Round "1.1"]
[White "Haubt, G."]
[Black "Höhm, W."]
[Result "1-0"]
[WhiteElo "2236"]
[BlackElo "1962"]
[PlyCount "69"]
[EventDate "2008.??.??"]

1. d4 d5 2. Nc3 Nf6 3. Bg5 e6 4. e4 dxe4 5. Nxe4 Be7 6. Bxf6 Bxf6 7. Nf3 Nd7 8.
Bc4 Qe7 9. Qe2 Nb6 10. Bb3 Bd7 11. O-O Bc6 12. c4 Bxe4 13. Qxe4 c6 14. Rfe1 O-O
15. Rad1 Rfe8 16. h4 Rad8 17. Bc2 g6 18. b3 Nc8 19. Qf4 Nb6 20. h5 Bg7 21. hxg6
hxg6 22. Re3 Qf6 23. Qh2 Nc8 24. Ne5 Nd6 25. g4 Qg5 26. f4 Qf6 27. Kg2 g5 28.
Rf3 Bh6 29. c5 gxf4 30. cxd6 Rxd6 31. Qh5 Kg7 32. Kf2 Rh8 33. Rh3 Kg8 34. g5
Bxg5 35. Qxh8+ 1-0

[Event "Hessen-USV Halle"]
[Site "?"]
[Date "2008.02.11"]
[Round "1.2"]
[White "Kirmas, J."]
[Black "Rapoport, V."]
[Result "0-1"]
[WhiteElo "2131"]
[BlackElo "2271"]
[PlyCount "56"]
[EventDate "2008.??.??"]

1. e4 c5 2. c3 Qa5 3. Na3 e6 4. Nf3 Nc6 5. d4 cxd4 6. Nxd4 Bxa3 7. Nxc6 bxc6 8.
bxa3 Qxc3+ 9. Bd2 Qd4 10. Qb1 Nf6 11. Bd3 d5 12. exd5 Nxd5 13. O-O f5 14. Qc2
Bd7 15. Rad1 a5 16. Bc4 Qc5 17. Qb3 O-O 18. Bxd5 cxd5 19. Rc1 Qd6 20. Rfe1 Rfb8
21. Qe3 d4 22. Qe5 Qxe5 23. Rxe5 Rb5 24. Rxb5 Bxb5 25. Rc5 Rb8 26. Bxa5 d3 27.
f3 Ba6 28. Bb4 Rxb4 0-1

[Event "Hessen-USV Halle"]
[Site "?"]
[Date "2008.02.11"]
[Round "1.3"]
[White "Zunker, R."]
[Black "Liebscher, H."]
[Result "1-0"]
[WhiteElo "2251"]
[BlackElo "2044"]
[PlyCount "92"]
[EventDate "2008.??.??"]

1. e4 e5 2. Nf3 Nc6 3. Bb5 a6 4. Ba4 Nf6 5. O-O b5 6. Bb3 Bb7 7. d3 Bc5 8. c3
d6 9. a4 Qd7 10. Bg5 O-O-O 11. axb5 axb5 12. Bd5 h6 13. Bxf6 gxf6 14. Qb3 Rdf8
15. Nh4 Ne7 16. Bxb7+ Kxb7 17. Na3 c6 18. c4 b4 19. Nc2 Rb8 20. Ne3 Rhg8 21.
Nhf5 Nxf5 22. Nxf5 Rg5 23. g3 h5 24. h4 Rgg8 25. Ra4 Ra8 26. Rfa1 Rxa4 27. Qxa4
Rb8 28. Qd1 d5 29. cxd5 cxd5 30. Qxh5 Ra8 31. Rxa8 Kxa8 32. Qf3 dxe4 33. Qxe4+
Ka7 34. h5 Qa4 35. Kg2 Qc2 36. Qf3 Qxb2 37. h6 Bxf2 38. Qxf2+ Qxf2+ 39. Kxf2 b3
40. h7 b2 41. h8=Q b1=Q 42. Qxf6 Qb2+ 43. Kg1 Qc1+ 44. Kh2 Qc7 45. Kh3 Kb8 46.
Kg4 Ka7 1-0

[Event "Hessen-USV Halle"]
[Site "?"]
[Date "2008.02.11"]
[Round "1.4"]
[White "Reinemann, G."]
[Black "Niebling, F."]
[Result "1/2-1/2"]
[WhiteElo "2002"]
[BlackElo "2225"]
[PlyCount "63"]
[EventDate "2008.??.??"]

1. d4 d5 2. Nf3 Nf6 3. g3 Bf5 4. Bg2 e6 5. O-O Bd6 6. c4 c6 7. cxd5 cxd5 8.
Qa4+ Nc6 9. Ne5 O-O 10. Nxc6 Qd7 11. Ne7+ Qxe7 12. Bg5 Rfc8 13. Nc3 Rc4 14. Qd1
Rac8 15. e4 dxe4 16. Nxe4 Bxe4 17. Bxe4 Qc7 18. Bxf6 gxf6 19. Qg4+ Kf8 20. Bd3
Rb4 21. Qh4 Ke7 22. Qxh7 Rxd4 23. Rae1 Qc5 24. Bf5 Be5 25. Bg6 Rf8 26. Rd1 Qd5
27. Rxd4 Qxd4 28. b3 f5 29. Bh5 Qb2 30. Re1 Bg7 31. Qxf5 Bd4 32. Qf3 1/2-1/2

[Event "Schleswig-Holstein-Norwegen 1"]
[Site "?"]
[Date "2008.02.11"]
[Round "1.2"]
[White "Kristiansen, E."]
[Black "Felser, F."]
[Result "0-1"]
[WhiteElo "2253"]
[BlackElo "2037"]
[PlyCount "68"]
[EventDate "2008.??.??"]

1. e4 c5 2. Nf3 Nc6 3. d4 cxd4 4. c3 d5 5. exd5 Qxd5 6. cxd4 e5 7. Nc3 Bb4 8.
Bd2 Bxc3 9. Bxc3 e4 10. Ne5 Nxe5 11. dxe5 Ne7 12. Qa4+ Bd7 13. Qb4 Qc6 14. Rd1
Nd5 15. Qxe4 Nxc3 16. Qxc6 Bxc6 17. bxc3 O-O 18. f4 Rfe8 19. Kf2 g5 20. Bc4
gxf4 21. Rhe1 Re7 22. Rd4 Kg7 23. Rxf4 Rd8 24. Re2 Rd1 25. Rg4+ Kf8 26. Rd4 Rc1
27. Rd3 Rc7 28. Rde3 Bxg2 29. Bb3 Bf1 30. Rb2 b6 31. Bc2 Ba6 32. Bxh7 f5 33.
Rh3 Rf1+ 34. Ke3 Rxc3+ 0-1

[Event "Schleswig-Holstein-Norwegen 1"]
[Site "?"]
[Date "2008.02.11"]
[Round "1.3"]
[White "Zimmermann, M."]
[Black "Gundersen, H."]
[Result "1/2-1/2"]
[WhiteElo "1924"]
[BlackElo "2254"]
[PlyCount "67"]
[EventDate "2008.??.??"]

1. Nf3 e6 2. d4 f5 3. g3 Nf6 4. Bg2 d5 5. Ne5 Nbd7 6. Bf4 Be7 7. Nd2 Nxe5 8.
Bxe5 O-O 9. e3 Bd7 10. O-O Be8 11. c4 c6 12. c5 Bh5 13. Qe1 Nd7 14. f4 Nxe5 15.
fxe5 Bg5 16. Bf3 Bxf3 17. Nxf3 Bh6 18. Nh4 g5 19. Ng2 Kh8 20. Qe2 Qe8 21. g4
Qg6 22. h3 Rf7 23. Rf2 Raf8 24. Qc2 Kg7 25. Raf1 fxg4 26. Qxg6+ Kxg6 27. hxg4
Rxf2 28. Rxf2 Bg7 29. Rxf8 Bxf8 30. Kf2 h5 31. Kf3 Be7 32. Ne1 Bd8 33. Nd3 h4
34. b4 1/2-1/2

[Event "Schleswig-Holstein-Norwegen 1"]
[Site "?"]
[Date "2008.02.11"]
[Round "1.4"]
[White "Nordby, B."]
[Black "Gehrmann, D."]
[Result "1/2-1/2"]
[WhiteElo "2186"]
[BlackElo "1945"]
[PlyCount "41"]
[EventDate "2008.??.??"]

1. d4 d5 2. Nf3 c6 3. c4 Nf6 4. e3 Bf5 5. cxd5 cxd5 6. Qb3 Qb6 7. Nc3 Qxb3 8.
axb3 Bd7 9. Nb5 Bxb5 10. Bxb5+ Nbd7 11. Bd2 e6 12. Ke2 Bd6 13. Rhc1 O-O 14. Bd3
a6 15. b4 Ne4 16. Be1 Rac8 17. Rxc8 Rxc8 18. b5 axb5 19. Ra5 h6 20. Rxb5 b6 21.
Rb3 1/2-1/2